• 首页
  • 本馆介绍
  • 公告通知
  • 最新文献
  • 馆藏检索
  • 电子资源
  • 读者导购
  • 参考咨询
  • 我的图书馆
  • 登录
  • 详细信息显示
  • 放入我的书架
  • 预约/预借图书
  • 作者相关作品
  • 分类相关作品
  • 丛书相关作品
  • 出版社相关作品

书目信息

  • 表格格式
  • 工作单格式
  • 卡片格式
题名:
营养师教你辨别食品添加物的好与坏
    
 
作者: 孙晶丹 主编
分册:  
出版信息: 成都   四川人民出版社  2018
页数: 212页
开本: 21cm
丛书名: 食品安全系列
单 册:
中图分类: TS202.3
科图分类:
主题词: 食品添加剂--shi pin tian jia ji--基本知识
电子资源:
ISBN: 978-7-220-10648-4
000 01356nam 2200301 450
001 012001003035
005 20140126145604.0
010    @a978-7-220-10648-4@dCNY45.00
099    @aCAL 012018062078
100    @a20180527d2018 em y0chiy50 ea
101 0  @achi
102    @aCN@b510000
105    @aak z 000yy
106    @ar
200 1  @a营养师教你辨别食品添加物的好与坏@Aying yang shi jiao ni bian bie shi pin tian jia wu de hao yu huai@f孙晶丹主编
210    @a成都@c四川人民出版社@d2018
215    @a212页@c彩图@d21cm
225 2  @a食品安全系列@Ashi pin an quan xi lie
225 2  @a金版饮食文库@Ajin ban yin shi wen ku
314    @a孙晶丹, 北京大学深圳医院营养医师、国际药膳师、深圳市营养师协会会长、华中科技大学儿少卫生与妇幼保健硕士研究生、美国功能医学实验室健康管理师、台湾工业技术研究院功能医学健康管理师讲师、深圳市健康教育讲师团资深专家。
330    @a本书采用图文并茂的形式, 邀请营养师为您讲解食品添加物的基本知识, 如食品添加剂有哪些, 食品添加剂的好与坏, 日常食物中都有哪些添加剂等等读者普遍关心的问题, 让读者意识到识别安全食物的重要性, 增强识别食品添加物的能力。
410  0 @12001 @a食品安全系列
410  0 @12001 @a金版饮食文库
606 0  @a食品添加剂@Ashi pin tian jia ji@x基本知识
690    @aTS202.3@v5
701  0 @a孙晶丹@Asun jing dan@4主编
801  2 @aCN@b北京卓展@c20191020
905    @b1210162-4@dTS202.3@e335@f3
    
    营养师教你辨别食品添加物的好与坏/孙晶丹主编.-成都:四川人民出版社,2018
    212页:彩图;21cm.-(食品安全系列).-(金版饮食文库)
    
    
    ISBN 978-7-220-10648-4:CNY45.00
    本书采用图文并茂的形式, 邀请营养师为您讲解食品添加物的基本知识, 如食品添加剂有哪些, 食品添加剂的好与坏, 日常食物中都有哪些添加剂等等读者普遍关心的问题, 让读者意识到识别安全食物的重要性, 增强识别食品添加物的能力。
●
相关链接 在E读中查询图书 在五车中查询图书 在当当中查询图书 在豆瓣中查询图书


正题名:营养师教你辨别食品添加物的好与坏     索取号:TS202.3/335         预约/预借

序号 登录号 条形码 馆藏地/架位号 状态 备注
1 1210162   212101624   第二样本阅览室/ [索取号:TS202.3/335] 在馆    
2 1210163   212101633   第三借阅区/ [索取号:TS202.3/335] 在馆    
3 1210164   212101642   第三借阅区/ [索取号:TS202.3/335] 在馆    
唐山师范学院图书馆 欢迎您!
大连网信软件有限公司© 版权所有